The Feynman lectures on physics. Vol.3 Quantum mechanics

Gorde:
Xehetasun bibliografikoak
Egile nagusia: Richard Phillips Feynman
Formatua: Liburua
Hizkuntza:Undetermined
Argitaratua: Redwood City, California Addison-Wesley 1989
Gaiak:
Etiketak: Etiketa erantsi
Etiketarik gabe, Izan zaitez lehena erregistro honi etiketa jartzen!
Thư viện lưu trữ: Trung tâm Học liệu Trường Đại học Cần Thơ
LEADER 00610nam a2200205Ia 4500
001 CTU_22864
008 210402s9999 xx 000 0 und d
020 |b 125df 
082 |a 530 
082 |b F435/Vol.3 
100 |a Richard Phillips Feynman 
245 4 |a The Feynman lectures on physics. Vol.3 
245 0 |b Quantum mechanics 
245 0 |c Richard Phillips Feynman, Mathew Linzee Sands, Robert B Leighton 
260 |a Redwood City, California 
260 |b Addison-Wesley 
260 |c 1989 
650 |a physics 
904 |i Minh, 980626 
980 |a Trung tâm Học liệu Trường Đại học Cần Thơ